1453 1226 1450 1638 1902 1453 1997 1389 1318 1318 1071 1999 1491 1270 1568 1395 1320 1507 1104 1190 1930 1773 1045 1337 1298 1929 1240 1553 1525 1483 1847 1115 1501 1938 1767 1612 1771 1623 1546 1180 1615 1214 1034 1586 1590 1653 1948 1603 1390 1054 1668 1853 1052 1255 1435 1443 1543 1905 1425 1136 1559 1451 1557 1956 1595 1104 1678 1702 1433 1328 1391 1917 1429 1510 1310 1870 1435 1376 1376 1941 1343 1234 1001 1752 1892 1301 1852 1216 1038 1135 1373 1219 1327 1802 1928 1674 1787 1292 1843 BCNSPRNW ULIB Ver.6.0+V

เปลี่ยนเป็นภาษาไทย

Change to English
 แสดงรายละเอียดบรรณานุกรม
  กลับหน้าหลัก

Brief Record : Get Marc (ISO 2709) : E-mail record : QR code < ปิดหน้าต่าง
LEADER : 00000nam 2200000uu 4500
001    13399112153
003     ULIB
008    110627s2550||||th 000 0 tha d
020    9789747503968
090    นว.^bน283อ 2550
100 0  นลัท
245 00 อุ่นไอ ใต้เงารัก/^cนลัท
250    พิมพ์ครั้งที่ 2
260    กรุงเทพฯ :^bแจ่มใส,^c2550
300    370 หน้า
710 1  แจ่มใส
945    ^p229^l0^i022025
995    ทศพร
999 ^a ใช้งานได้ทุกระบบ
รายการนี้ยังไม่มีแท็ก
คุณยังไม่ได้ล็อกอิน คุณสามารถมีกิจกรรมร่วมกับเว็บไซต์ได้ แต่ต้องล็อกอินก่อน ::
  ล็อกอิน

รายการสื่อสารสนเทศ

ลำดับที่ ประเภท เลขเรียก/บาร์โค้ด สถานที่ สถานะ
- ไม่พบข้อมูล -

รายการใกล้เคียง
    ผู้แต่ง [นลัท]

BibComment


ยังไม่เคยถูกคอมเมนท์

คอมเมนท์ทรัพยากรรายการนี้
  คอมเมนท์: อุ่นไอ ใต้เงารัก ..


 Copyright 2026. Bcnsprnw @Library